[Event "10th Reykjavik op"]
[Site "Reykjavik ISL"]
[Date "1982.02.16"]
[Round "7"]
[White "Hansson, Dan"]
[Black "Savage, Allan George"]
[Result "1-0"]
[WhiteElo "2260"]
[BlackElo "2310"]
[EventDate "1982.02.09"]
[PlyCount "93"]

1.e4 e6 2.d4 d5 3.e5 c5 4.c3 Nc6 5.Nf3 Qb6 6.Be2 cxd4 7.cxd4 Nh6 8.Nc3 Nf5
9.Kf1 Be7 10.h4 h5 11.Na4 Qc7 12.a3 Bd7 13.Bf4 Rc8 14.Rc1 Qb8 15.g3 g6 16.
Kg2 Kf8 17.Nc5 Rc7 18.b4 Qc8 19.Qd2 Kg7 20.Nxd7 Qxd7 21.b5 Nb8 22.Rxc7 
Qxc7 23.Rc1 Qb6 24.Qc3 Rd8 25.a4 a5 26.Bd3 Nd7 27.Qc7 Kf8 28.Bxf5 gxf5 29.
Bd2 Qxc7 30.Rxc7 b6 31.Bg5 Ke8 32.Bxe7 Kxe7 33.Ng5 Ke8 34.Nh3 f6 35.exf6 
Nxf6 36.Nf4 Rd6 37.f3 Kf8 38.Ng6+ Ke8 39.Re7+ Kd8 40.Rf7 Nd7 41.Rh7 Nf6 
42.Rf7 Nd7 43.Rh7 Nf6 44.Rh8+ Kc7 45.Nf4 Rd7 46.Nxe6+ Kd6 47.Nf4 1-0

[Event "10th Reykjavik op"]
[Site "Reykjavik ISL"]
[Date "1982.02.16"]
[Round "7"]
[White "Solmundarson, Magnus"]
[Black "Sigurjonsson, Johann Oern"]
[Result "1-0"]
[WhiteElo "2380"]
[BlackElo "2240"]
[EventDate "1982.02.09"]
[PlyCount "132"]

1.c4 Nf6 2.Nc3 e6 3.d4 d5 4.cxd5 exd5 5.Bg5 c6 6.e3 Qb6 7.Qc2 Na6 8.Bxa6 
Qxa6 9.Bxf6 gxf6 10.Nge2 Be6 11.O-O O-O-O 12.Rfb1 Kb8 13.b4 Rc8 14.Rb3 Bd6
15.Rab1 h5 16.b5 cxb5 17.Rxb5 Rc7 18.Qb3 Rd8 19.h4 Rdd7 20.Nf4 Bxf4 21.
exf4 Qd6 22.Na4 Bf5 23.Rb2 Re7 24.Nc5 Bc8 25.g3 b6 26.Rb1 Ka8 27.Na4 Bb7 
28.Nc3 Rc4 29.Na4 Rec7 30.Nc5 Rxd4 31.Nxb7 Kxb7 32.a4 Rdc4 33.Qf3 Rc1+ 34.
Rxc1 Rxc1+ 35.Kh2 Rc5 36.Qxh5 Rxb5 37.axb5 Qd7 38.Qe2 d4 39.Qd3 Qd5 40.g4 
a5 41.bxa6+ Ka7 42.h5 b5 43.h6 Kxa6 44.h7 Qd8 45.g5 fxg5 46.fxg5 Ka5 47.
Qa3+ Kb6 48.Qh3 Qh8 49.Qf5 Ka5 50.Qxf7 d3 51.Qa2+ Kb4 52.Qd2+ Kc4 53.Qf4+ 
Kb3 54.g6 Kc2 55.Qe4 Kc3 56.f4 d2 57.Qb1 Qd8 58.Qa1+ Kc2 59.h8=Q Qxh8+ 60.
Qxh8 d1=Q 61.Qc8+ Kb2 62.Qf5 b4 63.Qe5+ Ka2 64.g7 Qd2+ 65.Kg3 Qd3+ 66.Kh4 
Qh7+ 1-0

[Event "10th Reykjavik op"]
[Site "Reykjavik ISL"]
[Date "1982.02.18"]
[Round "8"]
[White "Abramovic, Bosko"]
[Black "Gurevich, Dmitry"]
[Result "1-0"]
[WhiteElo "2445"]
[BlackElo "2470"]
[EventDate "1982.02.09"]
[PlyCount "119"]

1.e4 c5 2.Nf3 d6 3.d4 cxd4 4.Nxd4 Nf6 5.Nc3 g6 6.Be2 Bg7 7.O-O Nc6 8.Nb3 
O-O 9.Bg5 a6 10.f4 b5 11.a3 Bd7 12.Bf3 Rc8 13.Kh1 Be6 14.Nd5 a5 15.c3 a4 
16.Nc1 Na5 17.Qe2 Nc4 18.Nd3 Bd7 19.Rad1 e6 20.Ne3 h6 21.Bh4 Qc7 22.Nb4 
Rfe8 23.Nxc4 bxc4 24.Qd2 d5 25.exd5 Nxd5 26.Bxd5 exd5 27.Nxd5 Qb7 28.Ne7+ 
Rxe7 29.Bxe7 Bf5 30.Rfe1 h5 31.Qf2 Kh7 32.Bd6 Rc6 33.Be5 Rb6 34.Rd2 Bf8 
35.Bd4 Re6 36.Rxe6 fxe6 37.Qe3 Qe4 38.Qxe4 Bxe4 39.Be5 Bd5 40.h3 Be7 41.
Kh2 h4 42.g3 hxg3+ 43.Kxg3 Kh6 44.Kg4 Bd8 45.Rxd5 exd5 46.f5 Kh7 47.fxg6+ 
Kxg6 48.h4 Be7 49.h5+ Kh7 50.Bd4 Bf8 51.Bf6 Bh6 52.Bg5 Bf8 53.Kf5 Bc5 54.
Ke5 d4 55.cxd4 c3 56.bxc3 Bxa3 57.Ke4 Bb2 58.Kd3 a3 59.Kc2 Ba1 60.Kb3 1-0

[Event "10th Reykjavik op"]
[Site "Reykjavik ISL"]
[Date "1982.02.18"]
[Round "8"]
[White "Wedberg, Tom"]
[Black "Shamkovich, Leonid"]
[Result "0-1"]
[WhiteElo "2435"]
[BlackElo "2470"]
[EventDate "1982.02.09"]
[PlyCount "88"]

1.e4 c5 2.Nf3 Nc6 3.d4 cxd4 4.Nxd4 Nf6 5.Nc3 d6 6.Bc4 e6 7.Be3 a6 8.Qe2 
Qc7 9.O-O-O Na5 10.Bb3 b5 11.f3 Be7 12.g4 Nxb3+ 13.axb3 Bb7 14.g5 Nd7 15.
h4 b4 16.Na4 Nc5 17.h5 Nxa4 18.bxa4 Rc8 19.g6 Bf6 20.Qd3 d5 21.gxf7+ Kxf7 
22.Rhe1 dxe4 23.fxe4 Qe5 24.Qb3 Bxe4 25.Rd2 Qd5 26.Qxb4 Qa2 27.Rf2 Rhd8 
28.Qb3 Qxb3 29.Nxb3 Bf5 30.Rg2 Rc4 31.a5 Rd5 32.Bb6 Rb5 33.Re3 Rh4 34.Reg3
Be4 35.Rd2 Rh1+ 36.Rd1 Bxb2+ 37.Kxb2 Rxd1 38.Rc3 Rxh5 39.Rc7+ Kg6 40.Nc5 
Bd5 41.Nxa6 Rh4 42.Rc3 Ra4 43.Rg3+ Kf7 44.Nc7 Ra2+ 0-1

[Event "10th Reykjavik op"]
[Site "Reykjavik ISL"]
[Date "1982.02.18"]
[Round "8"]
[White "Forintos, Gyozo"]
[Black "Byrne, Robert"]
[Result "1/2-1/2"]
[WhiteElo "2410"]
[BlackElo "2515"]
[EventDate "1982.02.09"]
[PlyCount "39"]

1.c4 Nf6 2.Nc3 g6 3.g3 Bg7 4.Bg2 O-O 5.e3 e5 6.Nge2 c6 7.d4 d6 8.O-O a5 9.
b3 Na6 10.Ba3 Nb4 11.Bb2 Bd7 12.a3 Na6 13.dxe5 dxe5 14.Na4 Qc7 15.Qc2 Be6 
16.c5 Rad8 17.Rac1 Rfe8 18.Ba1 Nd7 19.Qc3 f5 20.Rb1 1/2-1/2

[Event "10th Reykjavik op"]
[Site "Reykjavik ISL"]
[Date "1982.02.18"]
[Round "8"]
[White "Ivanovic, Bozidar"]
[Black "Horvath, Tamas"]
[Result "1-0"]
[WhiteElo "2485"]
[BlackElo "2400"]
[EventDate "1982.02.09"]
[PlyCount "59"]

1.e4 c5 2.Nf3 e6 3.d4 cxd4 4.Nxd4 Nf6 5.Nc3 Nc6 6.Ndb5 d6 7.Bf4 e5 8.Bg5 
a6 9.Na3 b5 10.Nd5 Be7 11.Nxe7 Nxe7 12.Bxf6 gxf6 13.Bd3 Bb7 14.Qe2 Rc8 15.
O-O-O O-O 16.Kb1 Kh8 17.Rhe1 Rc5 18.c3 Qa8 19.Bc2 d5 20.Qf3 f5 21.Qe3 Qc8 
22.exd5 f6 23.d6 Nd5 24.d7 Qc7 25.Qh6 Rf7 26.Bxf5 Qd6 27.Nc2 Bc6 28.Be6 
Rxd7 29.Bxd7 Bxd7 30.Ne3 1-0

[Event "10th Reykjavik op"]
[Site "Reykjavik ISL"]
[Date "1982.02.18"]
[Round "8"]
[White "Bajovic, Milan"]
[Black "Kaiszauri, Konstanty"]
[Result "1/2-1/2"]
[WhiteElo "2345"]
[BlackElo "2395"]
[EventDate "1982.02.09"]
[PlyCount "104"]

1.d4 d6 2.Nf3 g6 3.Bg5 Bg7 4.c3 Nf6 5.Nbd2 h6 6.Bh4 g5 7.Bg3 Nh5 8.e3 Nd7 
9.Bd3 e6 10.O-O O-O 11.Ne1 Nxg3 12.hxg3 f5 13.e4 fxe4 14.Nxe4 d5 15.Nd2 e5
16.Nc2 c6 17.dxe5 Nxe5 18.Be2 Qb6 19.Rb1 Bf5 20.Nf3 Nxf3+ 21.gxf3 Rf7 22.
Kg2 Raf8 23.Qd2 Be5 24.b4 a5 25.a3 axb4 26.axb4 Bg7 27.Rbe1 g4 28.f4 Be4+ 
29.f3 gxf3+ 30.Bxf3 Rd8 31.Nd4 Bxd4 32.Qxd4 Qxd4 33.cxd4 Re7 34.Kf2 Rde8 
35.Bh5 Ra8 36.Ra1 Rxa1 37.Rxa1 Bd3 38.Re1 Rxe1 39.Kxe1 Kf8 40.Kd2 Bc4 41.
Bg4 Ke7 42.Ke3 Kd6 43.Bf5 b6 44.Kf3 c5 45.bxc5+ bxc5 46.dxc5+ Kxc5 47.Kg4 
Be2+ 48.Kh4 d4 49.g4 d3 50.Bxd3 Bxd3 51.Kh5 Be2 52.f5 Kd6 1/2-1/2

[Event "10th Reykjavik op"]
[Site "Reykjavik ISL"]
[Date "1982.02.18"]
[Round "8"]
[White "Helmers, Knut"]
[Black "Bjarnason, Saevar"]
[Result "1/2-1/2"]
[WhiteElo "2430"]
[BlackElo "2290"]
[EventDate "1982.02.09"]
[PlyCount "90"]

1.c4 c5 2.Nf3 Nf6 3.g3 e6 4.Bg2 Nc6 5.O-O d5 6.cxd5 Nxd5 7.d4 Be7 8.dxc5 
Bxc5 9.Qc2 Be7 10.Rd1 Bd7 11.Nc3 Nb6 12.Bf4 O-O 13.Rac1 f6 14.Bh3 Qc8 15.
Qe4 Kh8 16.Bd6 Bxd6 17.Rxd6 e5 18.Bxd7 Nxd7 19.Nd5 Rd8 20.Ne7 Qc7 21.Nxc6 
Qxd6 22.Nxd8 Rxd8 23.Qxb7 Qb6 24.Rc7 Qxb7 25.Rxb7 a6 26.Ra7 Nb8 27.e3 Kg8 
28.Kf1 Rd6 29.Rb7 Nd7 30.Ke2 Kf7 31.Nd2 Ke6 32.Nc4 Rc6 33.b3 h5 34.e4 Nc5 
35.Rxg7 Nxe4 36.Ke3 Nc3 37.a4 Nxa4 38.Nxe5 Rc3+ 39.Kd2 Rxb3 40.Nd3 Kf5 41.
Rc7 Rb5 42.h3 Nb6 43.Rh7 Kg6 44.Ra7 a5 45.Nf4+ Kh6 1/2-1/2

[Event "10th Reykjavik op"]
[Site "Reykjavik ISL"]
[Date "1982.02.18"]
[Round "8"]
[White "Mednis, Edmar"]
[Black "Kindermann, Stefan"]
[Result "1/2-1/2"]
[WhiteElo "2470"]
[BlackElo "2410"]
[EventDate "1982.02.09"]
[PlyCount "82"]

1.e4 d6 2.d4 Nf6 3.Nc3 g6 4.Nf3 Bg7 5.Be2 O-O 6.O-O Bg4 7.Be3 Nc6 8.Qd2 e5
9.dxe5 dxe5 10.Rad1 Qc8 11.Qc1 Rd8 12.Rxd8+ Qxd8 13.Rd1 Qf8 14.h3 Bxf3 15.
Bxf3 h5 16.Nb5 Rc8 17.c3 Kh7 18.Na3 Rd8 19.Rxd8 Qxd8 20.Qc2 Qd7 21.Nc4 Bh6
22.b4 Bxe3 23.Nxe3 Kg7 24.a3 a5 25.Nc4 axb4 26.axb4 Qe6 27.Qd3 Nb8 28.Ne3 
Nbd7 29.h4 c5 30.Qc4 Qd6 31.g3 Qc6 32.Kg2 Kf8 33.Qd3 Ke7 34.Nc4 cxb4 35.
cxb4 Kf8 36.Qd6+ Ke8 37.Qxc6 bxc6 38.Kf1 Ke7 39.Ke2 c5 40.bxc5 Nxc5 41.
Nxe5 Ncxe4 1/2-1/2

[Event "10th Reykjavik op"]
[Site "Reykjavik ISL"]
[Date "1982.02.18"]
[Round "8"]
[White "Hoei, Carsten"]
[Black "Sigurjonsson, Gudmundur"]
[Result "0-1"]
[WhiteElo "2425"]
[BlackElo "2435"]
[EventDate "1982.02.09"]
[PlyCount "92"]

1.d4 Nf6 2.c4 e6 3.Nc3 Bb4 4.e3 O-O 5.Bd3 d5 6.a3 Bxc3+ 7.bxc3 dxc4 8.Bxc4
c5 9.Ne2 Nc6 10.O-O e5 11.Bb2 Qe7 12.a4 Rd8 13.Ba3 b6 14.Qc2 Na5 15.Ba2 
Ba6 16.Rfe1 Nc4 17.Bxc4 Bxc4 18.Ng3 e4 19.f3 Bd3 20.Qd2 Ba6 21.a5 Qe6 22.
Qf2 Rac8 23.Rec1 Bc4 24.Bb2 h6 25.Re1 Re8 26.Qc2 Bd3 27.Qd2 c4 28.Ba3 b5 
29.Nh1 Qd5 30.Qf2 Re6 31.f4 Qd7 32.Qd2 Nd5 33.Nf2 f5 34.Bc5 a6 35.Qb2 Rce8
36.Qd2 g5 37.fxg5 hxg5 38.Nh3 Rg6 39.Rac1 f4 40.Qf2 fxe3 41.Rxe3 Nxe3 42.
Qxe3 Qf5 43.Re1 Ree6 44.Qf2 Qxf2+ 45.Kxf2 e3+ 46.Rxe3 Rgf6+ 0-1

[Event "10th Reykjavik op"]
[Site "Reykjavik ISL"]
[Date "1982.02.18"]
[Round "8"]
[White "Jonsson, Johannes Gisli"]
[Black "Iskov, Gert"]
[Result "0-1"]
[WhiteElo "2315"]
[BlackElo "2380"]
[EventDate "1982.02.09"]
[PlyCount "150"]

1.e4 c5 2.g3 d5 3.exd5 Qxd5 4.Nf3 Bg4 5.Bg2 Qe6+ 6.Kf1 Nc6 7.h3 Bh5 8.d3 
Qd7 9.Nc3 Nf6 10.g4 Bg6 11.Bf4 e6 12.g5 Nh5 13.Ne5 Nxe5 14.Bxe5 Bd6 15.Qe2
O-O 16.Re1 Rac8 17.Bf3 Bxe5 18.Qxe5 c4 19.dxc4 Rxc4 20.Rd1 Qc8 21.Rd4 b5 
22.a3 a5 23.Kg2 Rxd4 24.Qxd4 Qb8 25.Bxh5 Bxh5 26.Re1 Rc8 27.Qd2 Bg6 28.Ne4
b4 29.axb4 axb4 30.f3 Rd8 31.Qe2 Qe5 32.Rd1 Rf8 33.h4 Qxb2 34.Rd2 Qe5 35.
Qc4 Bxe4 36.Qxe4 Qxe4 37.fxe4 Rc8 38.Kf3 e5 39.Rd5 Rc3+ 40.Kg4 g6 41.Rb5 
Rc4 42.Kf3 Rc3+ 43.Kg4 Rc4 44.Kf3 Kg7 45.Rb7 Rc3+ 46.Kg4 Rc4 47.Kf3 Rc3+ 
48.Kg4 Rxc2 49.Rxb4 Rf2 50.Ra4 Rf4+ 51.Kg3 h5 52.Rb4 Kf8 53.Rc4 Ke7 54.Ra4
Kd6 55.Rc4 Rg4+ 56.Kh3 Kd7 57.Ra4 Kc6 58.Rc4+ Kd6 59.Rb4 Kc5 60.Ra4 Rf4 
61.Kg3 Kb5 62.Ra7 Kc4 63.Rd7 Kc3 64.Kh3 Rxe4 65.Rxf7 Rg4 66.Rf6 e4 67.Rc6+
Kd2 68.Rd6+ Ke2 69.Rxg6 e3 70.Re6 Kf2 71.Rf6+ Ke1 72.g6 e2 73.Rf5 Kd2 74.
Rd5+ Ke3 75.Rxh5 Kf4 0-1

[Event "10th Reykjavik op"]
[Site "Reykjavik ISL"]
[Date "1982.02.18"]
[Round "8"]
[White "Hansson, Dan"]
[Black "Frey Beckman, Kenneth"]
[Result "1-0"]
[WhiteElo "2260"]
[BlackElo "2480"]
[EventDate "1982.02.09"]
[PlyCount "119"]

1.e4 e5 2.Nf3 Nc6 3.Bb5 a6 4.Ba4 Nf6 5.O-O Be7 6.Re1 b5 7.Bb3 d6 8.c3 O-O 
9.d4 Bg4 10.h3 Bxf3 11.gxf3 Na5 12.Bc2 Nh5 13.f4 Nxf4 14.Bxf4 exf4 15.Qg4 
Qc8 16.Qxf4 Qxh3 17.Nd2 Qh4 18.Qxh4 Bxh4 19.Kg2 Bg5 20.Nf3 Be7 21.Rh1 Nc4 
22.b3 Nb6 23.Nh4 Bxh4 24.Rxh4 Rae8 25.a4 bxa4 26.bxa4 a5 27.Rh5 f5 28.Bb3+
Kh8 29.Rxf5 Rxf5 30.exf5 d5 31.Kf3 Kg8 32.Rb1 c6 33.Bc2 Rb8 34.Re1 Kf7 35.
Re6 Rc8 36.Bb3 Nd7 37.Rxc6 Rxc6 38.Bxd5+ Kf6 39.Bxc6 Nb6 40.Ke4 h5 41.Kd3 
Kxf5 42.c4 Ke6 43.c5 Nc8 44.Bf3 g6 45.Kc4 Na7 46.Be4 g5 47.Bf3 g4 48.Be4 
h4 49.Bb7 h3 50.Bh1 h2 51.Bg2 Kd7 52.d5 Nc8 53.Kb5 Ne7 54.Kxa5 Ng6 55.Kb6 
Nf4 56.c6+ Kd6 57.c7 Nxg2 58.c8=Q Nf4 59.Qd8+ Ke5 60.Qh8+ 1-0

[Event "10th Reykjavik op"]
[Site "Reykjavik ISL"]
[Date "1982.02.18"]
[Round "8"]
[White "Josteinsson, Leifur"]
[Black "Karlsson, Hilmar"]
[Result "0-1"]
[WhiteElo "2300"]
[BlackElo "2260"]
[EventDate "1982.02.09"]
[PlyCount "86"]

1.d4 d5 2.c4 e6 3.Nc3 c5 4.cxd5 exd5 5.Nf3 Nc6 6.e3 Nf6 7.Be2 Be7 8.O-O 
O-O 9.dxc5 Bxc5 10.Nb5 Ne4 11.Nbd4 Bb6 12.h3 Bc7 13.Nb5 Bb8 14.Bd2 a6 15.
Nc3 Qd6 16.Be1 Ng5 17.g3 Nxf3+ 18.Bxf3 Bxh3 19.Nxd5 Rd8 20.Bc3 Bxf1 21.
Qxf1 Ba7 22.Qh3 Ne5 23.Be4 Ng6 24.Bb4 Bc5 25.Ba5 b6 26.Bc3 Re8 27.Rd1 Rxe4
28.Nf6+ gxf6 29.Rxd6 Bxd6 30.Bxf6 Re6 31.Bd4 Be5 32.Qg4 Rd8 33.Bxe5 Rxe5 
34.f4 h5 35.Qe2 Red5 36.Qxa6 Rd2 37.b4 Rb2 38.Qf1 Rxa2 39.e4 Rdd2 40.Qb1 
Rg2+ 41.Kh1 Rh2+ 42.Kg1 Rag2+ 43.Kf1 Rh1+ 0-1

[Event "10th Reykjavik op"]
[Site "Reykjavik ISL"]
[Date "1982.02.18"]
[Round "8"]
[White "Jonasson, Benedikt"]
[Black "Kraehenbuehl, Gerhard"]
[Result "1/2-1/2"]
[WhiteElo "2240"]
[BlackElo "2305"]
[EventDate "1982.02.09"]
[PlyCount "107"]

1.e4 c5 2.Nf3 d6 3.d4 cxd4 4.Nxd4 Nf6 5.Nc3 g6 6.Be3 Bg7 7.Bc4 Nc6 8.h3 
Bd7 9.O-O O-O 10.Bb3 a6 11.Qd2 b5 12.a3 Na5 13.Bh6 e5 14.Bxg7 Kxg7 15.Nf3 
Nxb3 16.cxb3 Be6 17.b4 Qe7 18.Rfe1 Rfd8 19.Rac1 Rac8 20.Qe3 Qb7 21.Nh4 Rd7
22.Rcd1 Ne8 23.Kh1 f6 24.f4 Bc4 25.Rd2 Kh8 26.fxe5 dxe5 27.Nd5 Bxd5 28.
exd5 Rd6 29.Red1 Rcd8 30.Qe4 Qf7 31.Nf3 Nc7 32.Rf1 Rxd5 33.Rc2 Qg7 34.Rfc1
Rd1+ 35.Kh2 Rxc1 36.Rxc1 Rd7 37.Qb7 h5 38.Qc8+ Kh7 39.Rc6 e4 40.Nd4 f5 41.
Ne2 Qe5+ 42.g3 Qg7 43.h4 Nd5 44.Kh3 Rc7 45.Qxa6 Rxc6 46.Qxc6 Qe5 47.Qd7+ 
Kh6 48.Qd8 Qxb2 49.Qxd5 Qxe2 50.Qe5 Qf1+ 51.Kh2 Qf2+ 52.Kh3 Qf1+ 53.Kh2 
Qf2+ 54.Kh3 1/2-1/2

[Event "10th Reykjavik op"]
[Site "Reykjavik ISL"]
[Date "1982.02.18"]
[Round "8"]
[White "Gudmundsson, Elvar"]
[Black "Solmundarson, Magnus"]
[Result "1-0"]
[WhiteElo "2320"]
[BlackElo "2380"]
[EventDate "1982.02.09"]
[PlyCount "98"]

1.e4 e6 2.d4 d5 3.Nd2 dxe4 4.Nxe4 Nd7 5.Nf3 Ngf6 6.Nxf6+ Nxf6 7.Bd3 b6 8.
Ne5 Bb7 9.Bb5+ c6 10.Nxc6 Qd5 11.c4 Qxg2 12.Ne5+ Kd8 13.Rf1 Bb4+ 14.Bd2 
Qe4+ 15.Qe2 Bxd2+ 16.Kxd2 Qxe2+ 17.Kxe2 Ke7 18.c5 Bd5 19.Ba6 Nd7 20.Nxd7 
Kxd7 21.b4 Rab8 22.a3 b5 23.Rfb1 Bc4+ 24.Ke3 e5 25.a4 Kc6 26.dxe5 Rhe8 27.
f4 f6 28.axb5+ Bxb5 29.Ke4 fxe5 30.fxe5 Re7 31.Bxb5+ Kxb5 32.Kd4 Rd8+ 33.
Kc3 Rxe5 34.Ra5+ Kc6 35.Rxa7 Re3+ 36.Kc4 Re4+ 37.Kc3 Re3+ 38.Kb2 Re2+ 39.
Kb3 Rxh2 40.Ra6+ Kc7 41.Rf1 Rhd2 42.Rf7+ R8d7 43.Ra7+ Kd8 44.Ra8+ Kc7 45.
Ra7+ Kd8 46.Rxg7 h5 47.Ra8+ Kc7 48.Rxd7+ Kxd7 49.Rh8 Rh2 1-0

[Event "10th Reykjavik op"]
[Site "Reykjavik ISL"]
[Date "1982.02.18"]
[Round "8"]
[White "Sigurjonsson, Johann Oern"]
[Black "Jonsson, Johann Thorir"]
[Result "1-0"]
[WhiteElo "2240"]
[BlackElo "2200"]
[EventDate "1982.02.09"]
[PlyCount "139"]

1.e4 e5 2.Nf3 Nc6 3.Bc4 Be7 4.d4 d6 5.c3 Bg4 6.Be3 Nf6 7.d5 Nb8 8.Bd3 Nbd7
9.c4 O-O 10.h3 Bh5 11.Nc3 c6 12.g4 Bg6 13.Nd2 cxd5 14.cxd5 Nb6 15.Qe2 Nfd7
16.Nf1 Rc8 17.Ng3 Nc5 18.Bc2 Bg5 19.Bxg5 Qxg5 20.h4 Qf4 21.h5 Nc4 22.hxg6 
Nxb2 23.gxh7+ Kh8 24.Nd1 Nba4 25.Nh5 Qg5 26.Qf3 Nb6 27.Ne3 Ncd7 28.Rb1 Rc7
29.Bd1 Rc3 30.Be2 Nc5 31.O-O Ra3 32.Ra1 Nba4 33.Ng3 Nc3 34.Nc4 Nxe2+ 35.
Qxe2 Rc3 36.Nxd6 Nd3 37.Qf3 Nf4 38.Qxc3 Qxg4 39.Rfe1 Nh3+ 40.Kh2 Nf4 41.
Kg1 Nh3+ 42.Kf1 Nf4 43.Rec1 Qh3+ 44.Ke1 Ng2+ 45.Kd1 Qg4+ 46.Kc2 Qd7 47.
Ngf5 Qa4+ 48.Kb2 Nf4 49.Rab1 f6 50.Ka1 g6 51.Ne3 b6 52.Qc4 Qa3 53.Nb5 Qa5 
54.Qb4 Qxb4 55.Rxb4 Nd3 56.Rbc4 Nxc1 57.Rxc1 f5 58.exf5 gxf5 59.Nxa7 Kxh7 
60.Rc6 f4 61.Ng4 e4 62.Nf6+ Kg7 63.Nxe4 f3 64.Rxb6 Re8 65.Re6 Ra8 66.Re7+ 
Kf8 67.d6 Rd8 68.Re6 Rd7 69.Nc6 Rb7 70.Nc5 1-0

[Event "10th Reykjavik op"]
[Site "Reykjavik ISL"]
[Date "1982.02.19"]
[Round "9"]
[White "Gurevich, Dmitry"]
[Black "Schneider, Lars-Ake"]
[Result "1/2-1/2"]
[WhiteElo "2470"]
[BlackElo "2435"]
[EventDate "1982.02.09"]
[PlyCount "62"]

1.d4 Nf6 2.c4 e6 3.Nc3 Bb4 4.e3 c5 5.Ne2 d5 6.a3 Ba5 7.dxc5 dxc4 8.Qxd8+ 
Kxd8 9.Bd2 e5 10.Ne4 Nc6 11.N2g3 Bxd2+ 12.Kxd2 Na5 13.Kc3 Nd5+ 14.Kc2 Ke7 
15.Nd6 Be6 16.Ngf5+ Kf8 17.e4 Nf6 18.Ne3 Nb3 19.Rd1 Nxc5 20.Bxc4 Ncxe4 21.
Nxe4 Nxe4 22.Bxe6 fxe6 23.Rd7 b6 24.b4 Rg8 25.Kb3 Ke8 26.Rc7 Nd6 27.a4 Kd8
28.Rc6 Kd7 29.b5 Rac8 30.Ng4 Nf7 31.Rd1+ Ke7 1/2-1/2

[Event "10th Reykjavik op"]
[Site "Reykjavik ISL"]
[Date "1982.02.19"]
[Round "9"]
[White "Byrne, Robert"]
[Black "Sahovic, Dragutin"]
[Result "1/2-1/2"]
[WhiteElo "2515"]
[BlackElo "2450"]
[EventDate "1982.02.09"]
[PlyCount "116"]

1.e4 Nc6 2.Nf3 e6 3.d4 d5 4.Nbd2 Nf6 5.e5 Nd7 6.Nb3 a5 7.a4 b6 8.Bg5 Be7 
9.Qd2 h6 10.Bxe7 Nxe7 11.Nc1 c5 12.c3 O-O 13.Bd3 Ba6 14.O-O Bxd3 15.Nxd3 
c4 16.Nf4 b5 17.axb5 Rb8 18.Rfe1 Rxb5 19.Ra2 Qb6 20.g4 Rb8 21.Re2 Qd8 22.
Nh5 Ng6 23.Kg2 Qe7 24.Kg3 Rf8 25.Qe3 Kh7 26.g5 Rh8 27.h4 hxg5 28.hxg5 Kg8 
29.Kg4 Qe8 30.Ng3 Rb6 31.Rxa5 f5+ 32.exf6 gxf6 33.Rxd5 f5+ 34.Nxf5 exf5+ 
35.Rxf5 Qxe3 36.fxe3 Rh1 37.Rd5 Ndf8 38.Rc5 Rb1 39.Rxc4 R6xb2 40.Rxb2 Rxb2
41.Kf5 Rf2 42.Ke4 Kf7 43.Rc7+ Ke6 44.c4 Kd6 45.Rf7 Ke6 46.Rf6+ Ke7 47.c5 
Rc2 48.Kd5 Kd8 49.Kd6 Ke8 50.e4 Re2 51.e5 Ne7 52.e6 Nc8+ 53.Kc7 Ne7 54.Ne5
Re4 55.Rf7 Nd5+ 56.Kc6 Ne7+ 57.Kb7 Nxe6 58.Rh7 Nxc5+ 1/2-1/2

[Event "10th Reykjavik op"]
[Site "Reykjavik ISL"]
[Date "1982.02.19"]
[Round "9"]
[White "Arnason, Jon"]
[Black "Ivanovic, Bozidar"]
[Result "0-1"]
[WhiteElo "2445"]
[BlackElo "2485"]
[EventDate "1982.02.09"]
[PlyCount "86"]

1.e4 c6 2.d4 d5 3.Nd2 g6 4.Ngf3 Bg7 5.c3 Nh6 6.Bd3 O-O 7.O-O Na6 8.Re1 Nc7
9.h3 f6 10.Nb3 Nf7 11.Bf4 b6 12.Bg3 e6 13.Qc2 Bb7 14.Re2 f5 15.exf5 exf5 
16.Rae1 Bf6 17.Be5 Nxe5 18.Nxe5 Qd6 19.c4 dxc4 20.Nxc4 Qd8 21.Ne5 Kg7 22.
Rd2 Re8 23.Be2 Nd5 24.Bf3 Rc8 25.Rde2 Ba6 26.Rd2 Qd6 27.Qd1 Bg5 28.Rc2 Nb4
29.Rc3 Bb5 30.Nc1 Nd5 31.Rc2 Rcd8 32.a3 Ne7 33.Rc3 Nd5 34.Rc2 Re6 35.b3 
Qxa3 36.Nc4 Rxe1+ 37.Qxe1 Qe7 38.Re2 Qb4 39.Qf1 Qc3 40.Nd3 Qxb3 41.Nde5 
Nc3 42.Re1 Rxd4 43.Ra1 a6 0-1

[Event "10th Reykjavik op"]
[Site "Reykjavik ISL"]
[Date "1982.02.19"]
[Round "9"]
[White "Kogan, Boris"]
[Black "Forintos, Gyozo"]
[Result "1/2-1/2"]
[WhiteElo "2455"]
[BlackElo "2410"]
[EventDate "1982.02.09"]
[PlyCount "107"]

1.Nf3 c5 2.g3 g6 3.d4 cxd4 4.Nxd4 Bg7 5.Bg2 Nc6 6.Nxc6 bxc6 7.O-O Rb8 8.
Nd2 Nf6 9.c4 O-O 10.e4 Qc7 11.Qc2 d6 12.Rb1 c5 13.b3 Ng4 14.Nf3 f5 15.Bb2 
e5 16.Rbd1 f4 17.Qd3 Rb6 18.h3 Nh6 19.gxf4 Rxf4 20.Bc1 Rf8 21.Ng5 Nf7 22.
Nxf7 Rxf7 23.f4 exf4 24.Bxf4 Bd4+ 25.Kh1 Be6 26.Qg3 Be5 27.Bxe5 dxe5 28.
Rxf7 Bxf7 29.Qd3 Kg7 30.Bf3 Rf6 31.Kg2 Qa5 32.Qd2 Qb6 33.Qc3 Qc7 34.Rd3 
Rf4 35.Qe1 h5 36.Qg3 Kh6 37.Kh2 Qe7 38.Bg2 Be8 39.Qe3 Bc6 40.Qd2 Qg5 41.
Rf3 Qe7 42.Kg1 Kg7 43.Rd3 Rf7 44.a3 Qh4 45.Qe3 Qe7 46.Qe1 Qc7 47.b4 Rd7 
48.Rxd7+ Qxd7 49.b5 Qd4+ 50.Kh2 Bd7 51.Qh4 Kf7 52.Qd8 Qd2 53.Qc7 Qf4+ 54.
Kh1 1/2-1/2

[Event "10th Reykjavik op"]
[Site "Reykjavik ISL"]
[Date "1982.02.19"]
[Round "9"]
[White "Westerinen, Heikki"]
[Black "Angantysson, Haukur"]
[Result "1-0"]
[WhiteElo "2440"]
[BlackElo "2400"]
[EventDate "1982.02.09"]
[PlyCount "75"]

1.e4 c5 2.f4 e6 3.Nf3 Nf6 4.d3 d5 5.e5 Nfd7 6.c3 b5 7.Be3 Nc6 8.Be2 Be7 9.
O-O f5 10.d4 Rb8 11.Ng5 Bxg5 12.fxg5 O-O 13.Nd2 cxd4 14.cxd4 f4 15.Bxf4 
Nxd4 16.Bd3 g6 17.Rc1 Bb7 18.Nb3 Nxb3 19.axb3 Qb6+ 20.Kh1 Rbc8 21.Qg4 Rxc1
22.Rxc1 Rf7 23.Qg3 d4 24.b4 Bc6 25.Rd1 a5 26.Bd2 a4 27.h3 Qb8 28.Re1 Bd5 
29.Bc2 Qc7 30.Bd1 Nb6 31.Bg4 Qc2 32.Bc1 Nc4 33.Be2 Nxb2 34.Bxb5 Nd1 35.Be2
Rf2 36.Bxd1 Bxg2+ 37.Kg1 Qf5 38.Qxf2 1-0

[Event "10th Reykjavik op"]
[Site "Reykjavik ISL"]
[Date "1982.02.19"]
[Round "9"]
[White "Sigurjonsson, Gudmundur"]
[Black "Bischoff, Klaus"]
[Result "1-0"]
[WhiteElo "2435"]
[BlackElo "2385"]
[EventDate "1982.02.09"]
[PlyCount "55"]

1.e4 Nf6 2.e5 Nd5 3.d4 d6 4.Nf3 Nc6 5.c4 Nb6 6.exd6 exd6 7.Be2 Be7 8.Nc3 
Bg4 9.b3 O-O 10.h3 Bxf3 11.Bxf3 Bf6 12.Be3 Bg5 13.Bxg5 Qxg5 14.O-O Rfe8 
15.Bxc6 bxc6 16.Qf3 Qa5 17.Rfe1 d5 18.cxd5 cxd5 19.Re3 Rxe3 20.Qxe3 Qb4 
21.Rc1 a6 22.Ne2 Qa3 23.Rxc7 Qxa2 24.Rb7 Qa5 25.Nf4 Rf8 26.Ng6 Qa1+ 27.Kh2
Qd1 28.Qe5 1-0

[Event "10th Reykjavik op"]
[Site "Reykjavik ISL"]
[Date "1982.02.19"]
[Round "9"]
[White "Iskov, Gert"]
[Black "Helmers, Knut"]
[Result "1/2-1/2"]
[WhiteElo "2380"]
[BlackElo "2430"]
[EventDate "1982.02.09"]
[PlyCount "21"]

1.e4 c5 2.Nf3 d6 3.d4 cxd4 4.Nxd4 Nf6 5.Nc3 a6 6.Be3 Qc7 7.a4 Nc6 8.Be2 e6
9.O-O Be7 10.f4 O-O 11.Kh1 1/2-1/2

[Event "10th Reykjavik op"]
[Site "Reykjavik ISL"]
[Date "1982.02.19"]
[Round "9"]
[White "Olafsson, Helgi"]
[Black "Bajovic, Milan"]
[Result "1/2-1/2"]
[WhiteElo "2430"]
[BlackElo "2345"]
[EventDate "1982.02.09"]
[PlyCount "75"]

1.Nf3 d5 2.d4 c6 3.c4 Nf6 4.Nc3 Bg4 5.Qb3 Qb6 6.c5 Qc7 7.Bf4 Qc8 8.Ne5 Be6
9.e3 Nbd7 10.Qc2 Nxe5 11.Bxe5 Bf5 12.Qd2 Nd7 13.Bg3 e5 14.Rc1 exd4 15.exd4
Be7 16.Be2 O-O 17.O-O Re8 18.Rfe1 Nf6 19.f3 b6 20.b4 bxc5 21.bxc5 Bd8 22.
Bf1 Rxe1 23.Rxe1 Bc7 24.Bh4 Rb8 25.g4 Bg6 26.Bg3 Bxg3 27.hxg3 Qc7 28.Qf4 
Qxf4 29.gxf4 h5 30.f5 Bh7 31.Bh3 hxg4 32.fxg4 Kf8 33.Kf2 g5 34.Kf3 Bg8 35.
Bf1 Nd7 36.Ba6 f6 37.Re2 Kg7 38.Ke3 1/2-1/2

[Event "10th Reykjavik op"]
[Site "Reykjavik ISL"]
[Date "1982.02.19"]
[Round "9"]
[White "Bjarnason, Saevar"]
[Black "Mednis, Edmar"]
[Result "1/2-1/2"]
[WhiteElo "2290"]
[BlackElo "2470"]
[EventDate "1982.02.09"]
[PlyCount "131"]

1.Nf3 Nf6 2.g3 d5 3.Bg2 c6 4.O-O Bg4 5.d3 e6 6.Nbd2 Nbd7 7.h3 Bh5 8.b3 Bd6
9.Bb2 O-O 10.Qe1 Re8 11.e4 e5 12.Nh4 a5 13.a3 Bc5 14.Kh1 Nf8 15.f4 exf4 
16.gxf4 dxe4 17.dxe4 Bd4 18.Bxd4 Qxd4 19.e5 Bg6 20.Qf2 Qxf2 21.Rxf2 Nd5 
22.Nc4 Re7 23.Kh2 Nd7 24.Nd6 Nc5 25.Nxg6 hxg6 26.Bxd5 cxd5 27.Rd2 Ne6 28.
Kg3 d4 29.h4 Rc7 30.Nb5 Rc5 31.Nxd4 Nxd4 32.Rxd4 Rxc2 33.Rad1 Rc3+ 34.R1d3
Rac8 35.Kf3 Rxd3+ 36.Rxd3 Kf8 37.Ke4 Ke8 38.Rd5 a4 39.bxa4 Rc4+ 40.Rd4 Rc3
41.Rb4 Rxa3 42.Kd5 Rd3+ 43.Kc5 Rd7 44.Kb6 Kd8 45.Rc4 Re7 46.Rc5 Rd7 47.a5 
Re7 48.Rc1 Rd7 49.Rg1 Rd4 50.Kxb7 Rb4+ 51.Kc6 Rxf4 52.a6 Ra4 53.Kb5 Ra2 
54.Rc1 Rb2+ 55.Ka5 Ra2+ 56.Kb6 Rb2+ 57.Kc6 Ra2 58.Kb7 Rb2+ 59.Ka8 Kd7 60.
a7 Rb5 61.Rc4 Rb1 62.Rc3 Rb4 63.Rc5 Rb1 64.Rc4 Rb5 65.Rc3 Rb4 66.Rc5 
1/2-1/2

[Event "10th Reykjavik op"]
[Site "Reykjavik ISL"]
[Date "1982.02.19"]
[Round "9"]
[White "Horvath, Tamas"]
[Black "Hjartarson, Johann"]
[Result "1/2-1/2"]
[WhiteElo "2400"]
[BlackElo "2425"]
[EventDate "1982.02.09"]
[PlyCount "27"]

1.e4 e5 2.Nf3 Nc6 3.Bb5 a6 4.Ba4 Nf6 5.O-O Be7 6.Bxc6 dxc6 7.Nc3 Bg4 8.h3 
Bh5 9.g4 Bg6 10.Nxe5 Nxe4 11.Nxg6 Nxc3 12.dxc3 hxg6 13.Qxd8+ Rxd8 14.Kg2 
1/2-1/2